| 000 | 00399nam a2200145 a 4500 | ||
|---|---|---|---|
| 001 | 000032923 | ||
| 005 | 20200930065921.0 | ||
| 008 | 110801s1936 dr 000 0 spa d | ||
| 040 |
_aDO-SdBNP _bspa _cBNPHU |
||
| 100 | 1 |
_aGowrie, William A. _958676 |
|
| 245 | 1 | 0 |
_aNueva estética / _cWilliam A. Gowrie. |
| 260 |
_aSanto Domingo : _bLa Opinión, _c1936. |
||
| 300 |
_a112 p. ; _c19 cm. |
||
| 049 | _aBNPD | ||
| 999 |
_c32414 _d32414 |
||